Music Quiz

Random Music or Bands Quiz
Score 0/22 Timer 07:00
8 Plays Today
Members Band % Correct
George, Paul, John, and RingoThe Beatles
99.4%
Tony, Bill, Geezer, and OzzyBlack Sabbath
76.9%
Kurt, Dave, and KristNirvana
67.4%
Anthony, John, Flea, and ChadRed Hot Chili Peppers
57.4%
Brian, Roger, Freddie, and JohnQueen
56.5%
Agnetha, Björn, Benny, and Anni-FridABBA
56%
Billie Joe, Mike, and Tré Green Day
55.3%
Tony, Adrian, Tom, and GwenNo Doubt
50.1%
Mick, Stevie, Christine, John, and LindseyFleetwood Mac
49.4%
Keith, Roger, John, and PeterThe Who
47.7%
Nikki, Vince, Tommy, and MickMötley Crüe
39.9%
Members Band % Correct
Tony, Phil, Peter, Steve, and MikeGenesis
30%
Gina, Charlotte, Kathy, Belinda, and JaneThe Go-Go's
29.2%
Rivers, Brian, Matt, and PatrickWeezer
28.9%
Dusty, Billy, and FrankZZ Top
24.9%
Marty, Jorma, Grace, Jack, Spencer, and PaulJefferson Airplane
19.7%
Ronnie, Steve, Allen, Gary, Billy, Leon, and ArtimusLynyrd Skynyrd
12.9%
Butch, Shirley, Duke, and SteveGarbage
10.5%
Rick, Robin, Tom, and Bun E.Cheap Trick
8.5%
Dennis, Lou, Al, Mick, Ian, and RickForeigner
8%
Roy, Jeff, Bev, Bill, Steve, and RickElectric Light Orchestra
6.2%
Phil, Brian, Scott, and BrianThin Lizzy
3.8%
Remove Ads.
Support Sporcle.
Get the best of Sporcle when you Go Orange. This ad-free experience offers more features, more stats, and more fun while also helping to support Sporcle. Thank you for becoming a member.

You're not logged in!

Compare scores with friends on all Sporcle quizzes.
OR
Log In

Show Comments

Extras

Top Quizzes Today


Score Distribution

Your Account Isn't Verified!

In order to create a playlist on Sporcle, you need to verify the email address you used during registration. Go to your Sporcle Settings to finish the process.

Report this User

Report this user for behavior that violates our Community Guidelines.

Details: